000 00870cam a22002533a 4500
001 22655
003 PGUSA
005 20140828083501.0
008 070917s2007||||xxu|||||s|||||000 | eng d
040 _aPGUSA
_beng
042 _adc
050 4 _aDK
100 1 _aMoukhanoff, Michael
245 1 0 _aNelka :
_bMrs. Helen de Smirnoff Moukhanoff, 1878-1963, a Biographical Sketch
_h[electronic resource] /
_cMichael Moukhanoff
260 _bProject Gutenberg,
_c2007
506 _aPublic domain in the USA.
516 _aElectronic text
653 _aMoukhanoff, Helen de Smirnoff, 1878-1963 -- Correspondence
653 _aRussia (Federation) -- History -- Revolution, 1917-1921 -- Personal narratives
653 _aMoukhanoff, Helen de Smirnoff, 1878-1963
830 0 _aProject Gutenberg
_v22655
856 4 0 _uhttp://www.gutenberg.org/ebooks/22655
942 _cEB
999 _c251910
_d251910